Cities in Zhejiang Province - Statistics

General Stats
  • This quiz has been taken 10 times
  • The average score is 8 of 11
Answers on the Grid
Answers color-coded by a green-red scale on the quiz's grid according to % correct below.
Bengbu
Bozhou
Dali
Dalian
Fuzhou
Ganzhou
Hangzhou
Huzhou
Jiaxing
Jinhua
Lanzhou
Lianyungang
Lishui
Liupanshui
Ma'anshan
Nanjing
Nantong
Ningbo
Quzhou
Shanghai
Shaoxing
Taizhou
Wenzhou
Xi'an
Xiamen
Xining
Yancheng
Yichun
Yingtan
Zhoushan
 
Answer Stats
Answer % Correct
Hangzhou
100%
Huzhou
80%
Lishui
80%
Ningbo
80%
Taizhou
80%
Wenzhou
80%
Jiaxing
60%
Jinhua
60%
Quzhou
60%
Shaoxing
60%
Zhoushan
60%
No matching quizzes found
Score Distribution
Percent of People with Each Score
Percentile by Number Answered
Your Score History
You have not taken this quiz